000
00264nam a2200109Ia 4500
005
20251222140026.0
008
251222s1900||||xx |||||||||||||| ||spa||
082
_a
128/M34
100
_a
Mead, Margaret
245
0
_a
Antropología, la Ciencia del Hombre
942
_c
LIB
999
_c
2781
_d
2781